000 00812nam a2200313Ia 4500
008 160803s9999 xx 000 0 und d
020 _a 978-0439559652
100 _aStilton, Geronimo
245 _aCat and mouse in a haunted house /
245 _cGeronimo Stilton.
260 _aNew York :
260 _bScholastic Inc.
260 _c2004
300 _a111 pages :
300 _bcolor illustrations, maps ;
300 _c20 cm.
440 _aGeronimo Stilton :
440 _vbk. 3
650 _aAnimals --
650 _aCats --
650 _aGhost stories.
650 _aMice --
650 _aStilton, Geronimo (Fictitious character) --
650 _xFiction
650 _xJuvenile fiction.
650 _xJuvenile fiction.
650 _xJuvenile fiction.
700 _a410
999 _c298272
_d298272